<?xml version="1.0" encoding="UTF-8"?>
<record
    xmlns:xsi="http://www.w3.org/2001/XMLSchema-instance"
    xsi:schemaLocation="http://www.loc.gov/MARC21/slim http://www.loc.gov/standards/marcxml/schema/MARC21slim.xsd"
    xmlns="http://www.loc.gov/MARC21/slim">

  <leader>00854nam a2200289 u 4500</leader>
  <controlfield tag="001">166210</controlfield>
  <controlfield tag="005">20260506085816.0</controlfield>
  <controlfield tag="008">980309s1994                        eng  </controlfield>
  <datafield tag="020" ind1=" " ind2=" ">
    <subfield code="a">0849378478</subfield>
  </datafield>
  <datafield tag="035" ind1=" " ind2=" ">
    <subfield code="a">166210</subfield>
  </datafield>
  <datafield tag="035" ind1=" " ind2=" ">
    <subfield code="a">(OCoLC)778026051</subfield>
  </datafield>
  <datafield tag="040" ind1=" " ind2=" ">
    <subfield code="c">comduadb</subfield>
  </datafield>
  <datafield tag="041" ind1=" " ind2=" ">
    <subfield code="a">eng</subfield>
  </datafield>
  <datafield tag="080" ind1=" " ind2=" ">
    <subfield code="a">RM</subfield>
  </datafield>
  <datafield tag="100" ind1="1" ind2="0">
    <subfield code="a">Kirby, Donald F.</subfield>
    <subfield code="4">edt</subfield>
    <subfield code="e">edt</subfield>
    <subfield code="9">493390</subfield>
  </datafield>
  <datafield tag="245" ind1="1" ind2="0">
    <subfield code="a">Practical handbook of nutrition in clinical practice</subfield>
  </datafield>
  <datafield tag="260" ind1=" " ind2=" ">
    <subfield code="a">Estados Unidos :</subfield>
    <subfield code="b">CRC Press,</subfield>
    <subfield code="c">1994.</subfield>
  </datafield>
  <datafield tag="300" ind1=" " ind2=" ">
    <subfield code="a">300p. il.</subfield>
  </datafield>
  <datafield tag="650" ind1=" " ind2=" ">
    <subfield code="a">Malnutrici&#xF3;n</subfield>
    <subfield code="9">20934</subfield>
  </datafield>
  <datafield tag="650" ind1=" " ind2=" ">
    <subfield code="a">Obesidad - Tratamiento</subfield>
    <subfield code="9">74664</subfield>
  </datafield>
  <datafield tag="650" ind1=" " ind2=" ">
    <subfield code="a">Nutrici&#xF3;n cl&#xED;nica</subfield>
    <subfield code="9">108548</subfield>
  </datafield>
  <datafield tag="650" ind1=" " ind2="7">
    <subfield code="a">Composici&#xF3;n corporal</subfield>
    <subfield code="2">dcs</subfield>
    <subfield code="9">46363</subfield>
  </datafield>
  <datafield tag="650" ind1=" " ind2=" ">
    <subfield code="a">T&#xE9;cnicas diagn&#xF3;sticas</subfield>
    <subfield code="9">36934</subfield>
  </datafield>
  <datafield tag="650" ind1=" " ind2="7">
    <subfield code="a">Evaluaci&#xF3;n nutricional</subfield>
    <subfield code="2">dcs</subfield>
    <subfield code="9">17894</subfield>
  </datafield>
  <datafield tag="700" ind1="1" ind2="0">
    <subfield code="a">Dudrick, Stanley J.</subfield>
    <subfield code="4">edt</subfield>
    <subfield code="e">edt</subfield>
    <subfield code="9">275709</subfield>
  </datafield>
  <datafield tag="942" ind1=" " ind2=" ">
    <subfield code="c">BOOK</subfield>
  </datafield>
  <datafield tag="999" ind1=" " ind2=" ">
    <subfield code="c">175144</subfield>
    <subfield code="d">175144</subfield>
  </datafield>
  <datafield tag="952" ind1=" " ind2=" ">
    <subfield code="0">0</subfield>
    <subfield code="1">0</subfield>
    <subfield code="4">0</subfield>
    <subfield code="7">0</subfield>
    <subfield code="8">GENERAL</subfield>
    <subfield code="a">BR</subfield>
    <subfield code="b">BR</subfield>
    <subfield code="d">1998-03-09</subfield>
    <subfield code="i">C226630</subfield>
    <subfield code="l">0</subfield>
    <subfield code="o">RM216 P7</subfield>
    <subfield code="p">61000000387932</subfield>
    <subfield code="r">2023-04-23 00:00:00</subfield>
    <subfield code="t">1</subfield>
    <subfield code="w">2023-04-23</subfield>
    <subfield code="y">BOOK</subfield>
  </datafield>
</record>
